The antique dealer and collectors guide (Record no. 7661)
[ view plain ]
| 000 -CABECERA | |
|---|---|
| campo de control de longitud fija | 00898nam a2200241 a 4500 |
| 001 - NÚMERO DE CONTROL | |
| campo de control | BRCA_7992 |
| 005 - FECHA Y HORA DE LA ÚLTIMA TRANSACCIÓN | |
| campo de control | 20190320210102.0 |
| 008 - DATOS DE LONGITUD FIJA--INFORMACIÓN GENERAL | |
| campo de control de longitud fija | 130314s1970----enka###f##---#000-0#eng-# |
| 041 ## - CÓDIGO DE LENGUA | |
| Código de lengua del texto/banda sonora o título independiente | eng |
| 044 ## - CÓDIGO DEL PAÍS DE LA ENTIDAD EDITORA/PRODUCTORA | |
| Código MARC del país | enk |
| 245 10 - MENCIÓN DE TÍTULO | |
| Título | The antique dealer and collectors guide |
| Resto del título | japanese tsuba , holitsch and brussels faience |
| Mención de responsabilidad, etc. | Alison Brand, editor ; Alec X. Snobel, publishier. |
| 260 ## - PUBLICACIÓN, DISTRIBUCIÓN, ETC. | |
| Lugar de publicación, distribución, etc. | London |
| Nombre del editor, distribuidor, etc. | City Magazine |
| Fecha de publicación, distribución, etc. | 1970 |
| 300 ## - DESCRIPCIÓN FÍSICA | |
| Extensión | 121 p. |
| Otras características físicas | il. (algunas a color) |
| Dimensiones | 28 cm. |
| 440 #0 - MENCIÓN DE SERIE/PUNTO DE ACCESO ADICIONAL--TÍTULO | |
| Título | The antique dealer and collectors guide |
| Nombre de parte o sección de la obra | Octubre 1970 |
| Designación de volumen o secuencia | 1 |
| 9 (RLIN) | 19833 |
| 500 ## - NOTA GENERAL | |
| Nota general | 3032 |
| 500 ## - NOTA GENERAL | |
| Nota general | Publicación inventariada como libro por el Banco de México |
| 650 14 - PUNTO DE ACCESO ADICIONAL DE MATERIA--TÉRMINO DE MATERIA | |
| Término de materia o nombre geográfico como elemento de entrada | Antiguedades |
| Subdivisión de forma | Revistas y guías |
| Subdivisión geográfica | Inglaterra |
| 9 (RLIN) | 19834 |
| 650 14 - PUNTO DE ACCESO ADICIONAL DE MATERIA--TÉRMINO DE MATERIA | |
| Término de materia o nombre geográfico como elemento de entrada | Antiguedades |
| Subdivisión de forma | Coleccionistas y colecciones |
| Subdivisión geográfica | Inglaterra |
| 9 (RLIN) | 19835 |
| 700 1# - PUNTO DE ACCESO ADICIONAL--NOMBRE DE PERSONA | |
| Nombre de persona | Brand, Alison |
| Término indicativo de función/relación | ed. |
| 9 (RLIN) | 10733 |
| 700 1# - PUNTO DE ACCESO ADICIONAL--NOMBRE DE PERSONA | |
| Nombre de persona | Snobel, Alec X. |
| 9 (RLIN) | 19836 |
| 902 ## - CATALOGADOR | |
| Iniciales | GFM |
| 942 ## - ELEMENTOS DE PUNTO DE ACCESO ADICIONAL (KOHA) | |
| Fuente del sistema de clasificación o colocación | Library of Congress Classification |
| Tipo de ítem Koha | Libros |
| Estado de retiro | Estado de pérdida | Estado dañado | No para préstamo | Localización permanente | Ubicación/localización actual | Fecha de adquisición | Número de inventario | Total de préstamos | Signatura topográfica completa | Código de barras | Fecha visto por última vez | Precio válido a partir de | Tipo de ítem Koha |
|---|---|---|---|---|---|---|---|---|---|---|---|---|---|
| El ejemplar forma parte de la colección y puede ser consultado según las políticas vigentes. | Biblioteca del Museo Franz Mayer (Rogerio Casas-Alatriste) | Biblioteca del Museo Franz Mayer (Rogerio Casas-Alatriste) | 13/03/2014 | 3032 | (3032) | 8603 | 22/03/2019 | 22/03/2019 | Libros |